| 000 | 00368nam a2200157Ia 4500 | ||
|---|---|---|---|
| 008 | 230917s9999||||xx |||||||||||||| ||und|| | ||
| 020 | _cRS0.45 | ||
| 040 |
_e12745 _aMAIN |
||
| 041 | _aEnglish | ||
| 082 | _a330.9 J216E | ||
| 100 | _aJalan, Bimal | ||
| 245 | 0 | _aEssays in development policy | |
| 260 |
_aDelhi _bMacmillan _c1975 |
||
| 300 | _a156 p. | ||
| 942 | _cBK | ||
| 999 |
_c167708 _d167708 |
||